书目信息 |
| 题名: |
白鲸 二
|
|
| 作者: | 梅尔维尔 著 ;梁羽龙 , 张海军 主编 | |
| 分册: | ||
| 出版信息: | 北京 中国戏剧出版社 2002.11 |
|
| 页数: | 261-521页 | |
| 开本: | 20cm | |
| 丛书名: | ||
| 单 册: | ||
| 中图分类: | I712.44 | |
| 科图分类: | ||
| 主题词: | 长篇小说--美国--近代 | |
| 电子资源: | ||
| ISBN: | 7-104-01762-3 | |
| 000 | 00908nam0 2200301 450 | |
| 001 | 002492505 | |
| 005 | 20031124101445.0 | |
| 010 | @a7-104-01762-3@b精装@dCNY106.66 | |
| 100 | @a20081204d2002 ekmy0chiy0120 ea | |
| 101 | 1 | @achi@ceng |
| 102 | @aCN@b110000 | |
| 105 | @ay z 000ay | |
| 106 | @ar | |
| 200 | 1 | @a白鲸 二@Abai jing er@f(美)赫尔曼·梅尔维尔著@F( Mei ) He Er Man· Mei Er Wei Er Zhu@g梁羽龙,张海军主编 |
| 210 | @a北京@c中国戏剧出版社@d2002.11 | |
| 215 | @a261-521页@d20cm | |
| 300 | @a世界文学名著经典译林 | |
| 308 | @a丛书第五辑 | |
| 500 | 00 | @a白鲸 |
| 510 | 1 | @aWbale@zeng |
| 606 | 0 | @a长篇小说@y美国@z近代 |
| 690 | @aI712.44@v4 | |
| 701 | 1 | @a梅尔维尔@AMei Er Wei Er@g(Melville, Herman)@4著 |
| 702 | 0 | @a梁羽龙@ALiang Yu Long@4主编 |
| 702 | 0 | @a张海军@AZhang Hai Jun@4主编 |
| 801 | 0 | @aCN@bHTDF@c20081204 |
| 905 | @aBZT@dI712.44@e12-2@f5 | |
| 906 | @dCNY106.66@n0@r1 | |
| 白鲸 二/(美)赫尔曼·梅尔维尔著/梁羽龙,张海军主编.-北京:中国戏剧出版社,2002.11 |
| 261-521页;20cm |
| 世界文学名著经典译林 |
| ISBN 7-104-01762-3(精装):CNY106.66 |
| ● |
| 相关链接 |
|
|
|
正题名:白鲸 二
索取号:I712.44/12-2
 
预约/预借
| 序号 | 登录号 | 条形码 | 馆藏地/架位号 | 状态 | 备注 |
| 1 | 708047 | 2000708047 | 中心书库中库/打包BH1658/ [索取号:I712.44/12-2] | 在馆 | |
| 2 | 708048 | 2000708048 | 中心书库中库/打包BH1658/ [索取号:I712.44/12-2] | 在馆 | |
| 3 | 708049 | 2000708049 | 中心书库中库/打包BH1658/ [索取号:I712.44/12-2] | 在馆 | |
| 4 | 708050 | 2000708050 | 中心书库中库/打包BH1658/ [索取号:I712.44/12-2] | 在馆 | |
| 5 | 708051 | 2000708051 | 中心书库中库/打包BH1658/ [索取号:I712.44/12-2] | 在馆 |